Tolkien Region Spotlight - Rohan - Statistics

General Stats
  • This quiz has been taken 107 times
  • The average score is 14 of 22
Answer Stats
Answer % Correct
Edoras
96%
Eomer
96%
Eowyn
94%
Helm Hammerhand
94%
Theoden
94%
Isengard
86%
Eorl the Young
80%
Mearas
66%
Meduseld
66%
Westfold
66%
Horse-lords
64%
Eorlingas
63%
Hornburg
63%
The Mark
63%
Dunlendings
60%
Dunharrow
56%
Cirion
51%
Calenardhon
49%
Battle of the Field of {Celebrant}
44%
Entwash
36%
Eotheod
34%
Aldburg
27%
No matching quizzes found
Score Distribution
Percent of People with Each Score
Percentile by Number Answered
Your Score History
You have not taken this quiz